000 00388nam a2200133Ia 4500
008 231221s9999 xx 000 0 und d
020 _a978-1-4614-0977-9
041 _aEnglish
100 _aSushil Jajodia, Anup K. Ghosh, Vipin Swarup, Cliff Wang, X. Sean Wang
245 0 _aMoving Target Defense
260 _c2011
_bSpringer US
_aNew York
650 _aComputer Science
942 _cEB
999 _c218764
_d218764